000 00610nam a2200277Ia 4500
005 20260324145512.0
008 008 260324s9999 xx 000 0 eng d
020 _a9781003325758
037 _aEBOOK
040 _aCRL
040 _beng
040 _cCRL
041 _2eng
041 _aeng
084 _qCRL
100 _aHenry Cattan
_91218734
245 0 _aJerusalem
260 _bTaylor and Francis
260 _c1981
365 _a
365 _b150
856 _uhttp://www.taylorfrancis.com/books/9781003325758
942 _cEBOOK
999 _c1831187
_d1831187